000 01373cam a22003617a 4500
003 CHAP
005 20220329142052.0
008 990521d1998 mx rs o00010 spa d
010 _a77913
011 _a78885
035 _a88987
040 _cCHAP
082 0 4 _a336.72
_bM47
110 0 _aMéxico. Secretaría de Hacienda y Crédito Público
_977183
245 1 0 _aEstadísticas oportunas de finanzas públicas y deuda pública
_c/por México. Secretaría de Hacienda y Crédito Público
260 _aMéxico, D.F. :
_bSecretaría de Hacienda y Crédito Público,
_c1998.
300 _av.
500 _aLa biblioteca tiene : v.1 primer trimestre -- v.2 segundo trimestre
590 _aBATCH-UPD
_b10
_c20130109
_lUCH01
_h2311
590 _aBATCH-UPD
_b10
_c20130110
_lUCH01
_h1716
590 _aBATCH-UPD
_b10
_c20130409
_lUCH01
_h1830
590 _aBATCH-UPD
_b10
_c20130410
_lUCH01
_h1101
590 _aBATCH-UPD
_b10
_c20130914
_lUCH01
_h1154
590 _aCONVERSION
_b10
_c20130109
_lUCH01
_h1343
650 1 4 _aDeuda pública
_zMéxico.
_932224
650 1 4 _aFinanzas públicas
_xEstadísticas.
_940963
650 1 4 _aFinanzas públicas
_zMéxico.
_940975
901 _aBK
905 _aLilia Sánchez G.
942 _cLIBRO
949 _a336.72 M47
_bBC
_cC
_d33724000723870
_eC
_fv.2
_h95343
_i88987
_sb
949 _a336.72 M47
_bBC
_cC
_d33724000723888
_eC
_fv.1
_h95342
_i88987
_sb
999 _c77913
_d77913